000 00274nam a2200133Ia 4500
100 _aBarrett/Charles
250 _aIII
942 _cBK
654 _aMetals
245 _aStructure Of Metals
260 _bMcGraw Hill
_aNewDelhi
_c1968
300 _a654
546 _aENGLISH
999 _c25909
_d25909